Saga
| Main Author: | |
|---|---|
| Format: | Book |
| Published: |
Kuala Lumpur :
Dewan Bahasa Dan Pustaka ,
1987
|
MARC
| LEADER | 00000cam a2200000 7i4500 | ||
|---|---|---|---|
| 001 | 0000009106 | ||
| 002 | 000009918 | ||
| 005 | 20000330.0 | ||
| 020 | |a 89335415101 | ||
| 090 | 0 | 0 | |a F |b ABD |
| 100 | 0 | |a Abdul Talib Mohd Hassan | |
| 245 | 1 | 0 | |a Saga |c Abdul Talib Mohd Hassan |
| 260 | |a Kuala Lumpur : |b Dewan Bahasa Dan Pustaka , |c 1987 | ||
| 300 | |a 358p. ; |c 17cm. | ||
| 999 | |a 0011658 |b BUKU |c PINJAMAN |e PERPUSTAKAAN KOMUNITI PETALING JAYA | ||